|
|
แสดงรายละเอียดบรรณานุกรม |
|
|
Brief Record
: Get Marc (ISO 2709)
: E-mail record
: |
|
|
|
| LEADER 00000nam 2200000uu 4500 | |||
| 001 208694 | |||
| 003 ULIBM | |||
| 008 121116s2554||||th 000 0 tha d | |||
| 020 ^a9789746725729 | |||
| 040 ^abns | |||
| 041 0 ^atha | |||
| 060 04 ^aWY161^bก469 2554 | |||
| 245 10 ^aการปฏิบัติการพยาบาลในคลินิกศัลยกรรม =^bNursing practice insurgical clinics /^cนัทธมน วุทธานนท์, บรรณาธิการ | |||
| 246 31 ^aNursing practice in surgical clinics | |||
| 250 ^aพิมพ์ครั้งที่ 1 | |||
| 260 ^aเชียงใหม่ :^bคณะพยาบาลศาสตร์ มหาวิทยาลัยเชียงใหม่,^c2554 | |||
| 300 ^a174 หน้า :^bภาพประกอบ ;^c23 ซม. | |||
| 650 2 ^aSurgical nursing | |||
| 650 4 ^aการพยาบาลศัลยศาสตร์ | |||
| 650 4 ^aการพยาบาลทางศัลยศาสตร์ ^xคู่มือปฏิบัติการ | |||
| 650 4 ^aการดูแลหลังศัลยกรรม ^xคู่มือปฏิบัติการ | |||
| 700 0 ^aนัทธมน วุทธานนท์,^eบรรณาธิการ | |||
| 710 2 ^aมหาวิทยาลัยเชียงใหม่. ^bคณะพยาบาลศาสตร์ | |||
| 999 ^aใช้งานได้ทุกระบบ | |||
| คุณยังไม่ได้ล็อกอิน คุณสามารถมีกิจกรรมร่วมกับเว็บไซต์ได้ แต่ต้องล็อกอินก่อน :: |
|
| สถานะ | |||||||||
| 1. | หนังสือสำรอง | WY161 ก469 2554 ฉ.6 | On Shelf ขอยืม | ||||||
| Note:ปีงบประมาณ2557 | |||||||||
| 2. | หนังสือทั่วไป | WY161 ก469 2554 ฉ.7 | On Shelf ขอยืม | ||||||
| Note:ปีงบประมาณ2557 | |||||||||
| 3. | หนังสือทั่วไป | WY161 ก469 2554 ฉ.8 | On Shelf ขอยืม | ||||||
| Note:ปีงบประมาณ2557 | |||||||||
| 4. | หนังสือทั่วไป | WY161 ก469 2554 ฉ.10 | On Shelf ขอยืม | ||||||
| Note:ปีงบประมาณ2557 | |||||||||
| 5. | หนังสือทั่วไป | WY161 ก469 2554 | On Shelf ขอยืม | ||||||
| Note:ปีงบประมาณ 2555 | |||||||||
| 6. | หนังสือทั่วไป | WY161 ก469 2554 ฉ.2 | On Shelf ขอยืม | ||||||
| Note:ปีงบประมาณ 2555 | |||||||||
| [แสดง 6/6 รายการ] | |||||||||
BibComment |
| คอมเมนท์ทรัพยากรรายการนี้ |
|
|